[Event "Eschborn op"]
[Site "Eschborn"]
[Date "2018.10.07"]
[Round "5"]
[White "Juhnke, Peter"]
[Black "Hilgert, Viktor"]
[Result "0-1"]
[WhiteElo "1743"]
[BlackElo "1752"]
[PlyCount "58"]
[EventDate "2018.10.05"]
[EventType "swiss"]
[EventRounds "5"]
[EventCountry "GER"]
[SourceTitle "CBM 187 Extra"]
[Source "ChessBase"]
[SourceDate "2018.11.04"]
[SourceVersion "1"]
[SourceVersionDate "2018.11.04"]
[SourceQuality "1"]

1. e4 c5 2. d4 cxd4 3. c3 dxc3 4. Nxc3 Nc6 5. Nf3 d6 6. Bc4 e6 7. 0-0 Be7 8. Qe2 Qc7 9. Nb5 Qb8 10. Re1 a6 11. Nc3 Nf6 12. a4 0-0 13. Bg5 b6 14. Qd2 Bb7 15. Rad1 Rd8 16. Bd3 Ne5 17. Bb1 h6 18. Bf4 Nfg4 19. Nd4 Nf6 20. h3 Ned7 21. Be3 d5 22. f3 dxe4 23. fxe4 Nc5 24. Bf2 Qe5 25. Nf3 Rxd2 26. Rxd2 Qc7 27. e5 Nd5 28. Nxd5 Bxd5 29. b4 Nd7 0-1

[Event "Eschborn op"]
[Site "Eschborn"]
[Date "2018.10.06"]
[Round "4"]
[White "Hilgert, Viktor"]
[Black "Stock, Juergen"]
[Result "1/2-1/2"]
[WhiteElo "1752"]
[BlackElo "1832"]
[PlyCount "69"]
[EventDate "2018.10.05"]
[EventType "swiss"]
[EventRounds "5"]
[EventCountry "GER"]
[SourceTitle "CBM 187 Extra"]
[Source "ChessBase"]
[SourceDate "2018.11.04"]
[SourceVersion "1"]
[SourceVersionDate "2018.11.04"]
[SourceQuality "1"]

1. d4 e6 2. e4 d5 3. Nd2 Be7 4. Ngf3 c5 5. c3 Nc6 6. Be2 cxd4 7. cxd4 Nf6 8. e5 Nd7 9. b3 0-0 10. 0-0 f6 11. Bb2 fxe5 12. Nxe5 Ndxe5 13. dxe5 Bc5 14. Nf3 Qb6 15. Rc1 Bd7 16. Qc2 Be7 17. Bd3 h6 18. Qe2 Be8 19. Bb1 Bh5 20. Qd3 Rf5 21. Rxc6 bxc6 22. Nd4 Bg6 23. Nxf5 Bxf5 24. Qd1 Bxb1 25. Qxb1 c5 26. Ba3 a5 27. Qc2 Rc8 28. Rc1 Bg5 29. Rf1 Bf4 30. Re1 Qc7 31. Qe2 c4 32. bxc4 dxc4 33. g3 Bg5 34. h4 Bd8 35. Qh5 1/2-1/2

[Event "Eschborn op"]
[Site "Eschborn"]
[Date "2017.10.15"]
[Round "5"]
[White "Chassard, Cedric"]
[Black "Hilgert, Viktor"]
[Result "1/2-1/2"]
[WhiteElo "1498"]
[BlackElo "1681"]
[PlyCount "73"]
[EventDate "2017.10.13"]
[EventType "swiss"]
[EventRounds "5"]
[EventCountry "GER"]
[SourceTitle "EXT 2019"]
[Source "ChessBase"]
[SourceDate "2018.10.10"]
[SourceVersion "1"]
[SourceVersionDate "2018.10.10"]
[SourceQuality "1"]

1. e4 c5 2. Bc4 Nc6 3. Nc3 Nf6 4. Nf3 d6 5. h3 e6 6. d4 cxd4 7. Nxd4 Bd7 8. Be3 Be7 9. 0-0 0-0 10. Nf3 Ne5 11. Nxe5 dxe5 12. a3 Qc7 13. Bd3 Bc6 14. Qe2 a6 15. Rfe1 b5 16. Bg5 Rac8 17. Rad1 Ne8 18. Bxe7 Qxe7 19. Qe3 Qb7 20. Rd2 g6 21. Be2 Nf6 22. Bf3 a5 23. Rdd1 b4 24. axb4 axb4 25. Na2 Ba4 26. b3 Rxc2 27. Nxb4 Qxb4 28. bxa4 Qxa4 29. Rc1 Rfc8 30. Bd1 Qa2 31. Bxc2 Rxc2 32. Rxc2 Qxc2 33. Qe2 Qc6 34. Qd3 Kg7 35. Rc1 Qb7 36. f3 Nh5 37. Qc4 1/2-1/2

[Event "Vellmar op 7th"]
[Site "Vellmar"]
[Date "2015.08.09"]
[Round "6"]
[White "Hilgert, Viktor"]
[Black "Mueller, Joachim"]
[Result "1-0"]
[WhiteElo "1905"]
[BlackElo "1923"]
[PlyCount "89"]
[EventDate "2015.08.06"]
[EventType "swiss"]
[EventRounds "7"]
[EventCountry "GER"]
[SourceTitle "CBM 167 Extra"]
[Source "ChessBase"]
[SourceDate "2015.09.14"]
[SourceVersion "1"]
[SourceVersionDate "2015.09.14"]
[SourceQuality "1"]

1. d4 Nf6 2. c4 g6 3. Nc3 Bg7 4. e4 d6 5. f3 0-0 6. Be3 a6 7. Bd3 e5 8. Nge2 Nh5 9. 0-0 f5 10. Qd2 f4 11. Bf2 Nc6 12. d5 Ne7 13. c5 Bd7 14. cxd6 cxd6 15. a4 g5 16. b4 g4 17. Kh1 Ng6 18. Qe1 Bf6 19. a5 Bh4 20. Bxh4 Nxh4 21. Ng1 Qg5 22. Be2 Rf6 23. fxg4 Bxg4 24. Bxg4 Qxg4 25. Qf2 Raf8 26. Nf3 Nxf3 27. Qxf3 Qh4 28. Rf2 Rc8 29. Rc1 Ng3+ 30. Kg1 Rh6 31. h3 Qg5 32. Rfc2 Qg6 33. Kf2 Rc4 34. b5 axb5 35. Nxb5 Nxe4+ 36. Kg1 Rxc2 37. Rxc2 Nc5 38. Rxc5 dxc5 39. Qb3 Kf8 40. Nc7 Qg3 41. Qxb7 Qe1+ 42. Kh2 Qxa5 43. Ne6+ Rxe6 44. dxe6 Qd8 45. Qf7# 1-0

[Event "Vellmar op 7th"]
[Site "Vellmar"]
[Date "2015.08.09"]
[Round "7"]
[White "Kalkuhl, Thorsten"]
[Black "Hilgert, Viktor"]
[Result "1-0"]
[WhiteElo "1731"]
[BlackElo "1905"]
[PlyCount "62"]
[EventDate "2015.08.06"]
[EventType "swiss"]
[EventRounds "7"]
[EventCountry "GER"]
[SourceTitle "CBM 167 Extra"]
[Source "ChessBase"]
[SourceDate "2015.09.14"]
[SourceVersion "1"]
[SourceVersionDate "2015.09.14"]
[SourceQuality "1"]

1. c4 d5 2. cxd5 Nf6 3. e3 Nxd5 4. Nf3 c6 5. a3 g6 6. Bc4 e6 7. b4 Bg7 8. d4 Qe7 9. 0-0 0-0 10. Bb2 f5 11. Nbd2 Nd7 12. Rc1 N7f6 13. Ng5 h6 14. Ngf3 Bd7 15. Ne5 Be8 16. Re1 Kh7 17. f3 f4 18. Nf1 fxe3 19. Nxe3 Qd6 20. Bd3 Nxe3 21. Rxe3 Nd5 22. Re1 h5 23. Qc2 Rf6 24. g3 Bh6 25. Re4 Bxc1 26. Bxc1 Qf8 27. Rh4 Kg7 28. Qd2 Qh8 29. g4 Rf4 30. Bxg6 Bxg6 31. Nxg6 Rf6 1-0

[Event "Eschborn op 10th"]
[Site "Eschborn"]
[Date "2013.09.01"]
[Round "5"]
[White "Groetzinger, Waldemar"]
[Black "Hilgert, Viktor"]
[Result "1-0"]
[WhiteElo "1598"]
[BlackElo "1695"]
[PlyCount "55"]
[EventDate "2013.08.30"]
[EventType "swiss"]
[EventRounds "5"]
[EventCountry "GER"]
[SourceTitle "EXT 2014"]
[Source "ChessBase"]
[SourceDate "2013.11.20"]
[SourceVersion "1"]
[SourceVersionDate "2013.11.20"]
[SourceQuality "1"]

1. b3 d5 2. e3 Nf6 3. Bb2 Nbd7 4. Nf3 e6 5. c4 c6 6. Nc3 Bd6 7. cxd5 cxd5 8. Nb5 Bb8 9. Ba3 a6 10. Nd6+ Bxd6 11. Bxd6 Qb6 12. Ba3 Qa5 13. Qc1 Ne4 14. Bd3 Ndf6 15. 0-0 Bd7 16. Bxe4 dxe4 17. Nd4 Rc8 18. Qb2 e5 19. Ne2 Bc6 20. Bd6 Qd5 21. Bxe5 Bb5 22. Nf4 Qd7 23. Rfc1 Bc6 24. Bxf6 gxf6 25. Qxf6 Rg8 26. Rc5 Kf8 27. Rac1 Qe7 28. Qh6+ 1-0

[Event "Eschborn op 10th"]
[Site "Eschborn"]
[Date "2013.09.01"]
[Round "4"]
[White "Hilgert, Viktor"]
[Black "Ziegler, Michael"]
[Result "0-1"]
[WhiteElo "1695"]
[BlackElo "2167"]
[PlyCount "44"]
[EventDate "2013.08.30"]
[EventType "swiss"]
[EventRounds "5"]
[EventCountry "GER"]
[SourceTitle "EXT 2014"]
[Source "ChessBase"]
[SourceDate "2013.11.20"]
[SourceVersion "1"]
[SourceVersionDate "2013.11.20"]
[SourceQuality "1"]

1. d4 Nf6 2. c4 g6 3. Nc3 d5 4. cxd5 Nxd5 5. e4 Nxc3 6. bxc3 c5 7. Be3 Bg7 8. Bc4 Nc6 9. Ne2 0-0 10. 0-0 b6 11. dxc5 Qc7 12. cxb6 axb6 13. Bf4 Ne5 14. Bd5 Ra5 15. Qc1 Ba6 16. Re1 Rc8 17. Qe3 Rc5 18. Rac1 e6 19. Bb3 Qa7 20. Bxe5 Bxe5 21. c4 Bf6 22. h3 Qc7 0-1

[Event "Eschborn op 10th"]
[Site "Eschborn"]
[Date "2013.08.30"]
[Round "1"]
[White "Hilgert, Viktor"]
[Black "Simon, Manuel"]
[Result "1-0"]
[WhiteElo "1695"]
[BlackElo "1343"]
[PlyCount "45"]
[EventDate "2013.08.30"]
[EventType "swiss"]
[EventRounds "5"]
[EventCountry "GER"]
[SourceTitle "EXT 2014"]
[Source "ChessBase"]
[SourceDate "2013.11.20"]
[SourceVersion "1"]
[SourceVersionDate "2013.11.20"]
[SourceQuality "1"]

1. d4 Nf6 2. c4 g6 3. Nc3 Bg7 4. e4 d6 5. f3 0-0 6. Be3 Nbd7 7. Bd3 c5 8. Nge2 a6 9. Qd2 Qc7 10. 0-0 e6 11. Rac1 Re8 12. Rfd1 b6 13. b3 Bb7 14. Bb1 Rad8 15. dxc5 dxc5 16. Qd6 Qxd6 17. Rxd6 Bf8 18. Rd2 h6 19. Rcd1 Bc6 20. e5 Nh7 21. Be4 Bxe4 22. Nxe4 Re7 23. Nf6+ 1-0

[Event "Vellmar op-A 5th"]
[Site "Vellmar"]
[Date "2013.07.27"]
[Round "4"]
[White "Diener, Carolin Valeria"]
[Black "Hilgert, Viktor"]
[Result "0-1"]
[WhiteElo "1700"]
[BlackElo "1951"]
[PlyCount "62"]
[EventDate "2013.07.25"]
[EventType "swiss"]
[EventRounds "7"]
[EventCountry "GER"]
[SourceTitle "EXT 2015"]
[Source "ChessBase"]
[SourceDate "2014.11.20"]
[SourceVersion "1"]
[SourceVersionDate "2014.11.20"]
[SourceQuality "1"]

1. e4 c5 2. Nc3 Nc6 3. Bb5 a6 4. Bxc6 dxc6 5. f4 Nf6 6. d3 Bg4 7. Nf3 e6 8. 0-0 Be7 9. Qe1 Bxf3 10. Rxf3 0-0 11. Rh3 Ne8 12. Qg3 f5 13. Qf3 g6 14. Be3 Nf6 15. Bd2 Rf7 16. Kh1 c4 17. exf5 exf5 18. Be1 cxd3 19. Qxd3 Qc7 20. Rf3 Rd8 21. Qe2 Bb4 22. Qc4 Bxc3 23. Bxc3 Ne4 24. Be5 Qd7 25. Qe2 Qd2 26. Re3 Qxe2 27. Rxe2 Rd5 28. g4 Rfd7 29. h3 Rd1+ 30. Rxd1 Rxd1+ 31. Kg2 h5 0-1